| 000 | 00805nam a22002417a 4500 | ||
|---|---|---|---|
| 005 | 20170124110026.0 | ||
| 010 | _aB-023955 | ||
| 020 | _c00.00 | ||
| 035 | _aB-023955 | ||
| 037 | _bCen Lib/Ret | ||
| 040 |
_aDPL _bEN |
||
| 082 |
_a599.74428 _bWAR |
||
| 100 |
_aWard, Geofrey C. _920781 |
||
| 245 |
_aTiger-wallahs : _cby Geoffrey C. Ward [and] Diane Raines Ward _bsaving the greatest of the great cats / |
||
| 260 |
_bOxford university press _aNew Delhi _c1985 |
||
| 270 |
_bNew Delhi _aYMCA library building _e110001 |
||
| 300 |
_axiii,200p.: _c21cm(Hb) _bill. |
||
| 500 | _aIncludes bibliographical references | ||
| 650 |
_aWildlife conservation _918673 |
||
| 650 |
_aEndangered species _920782 |
||
| 700 |
_920655 _aWard, Diane Raines |
||
| 942 |
_2ddc _cEN _h599.74428 _mWAR |
||
| 999 |
_c127540 _d127540 |
||